000 00410nam a2200145Ia 4500
005 20250729165753.0
008 250729s2013 xx 000 0 und d
041 _aeng
082 _a530.25 DIRP
100 _aDirectorate of Pre University
_9232591
245 _aPhysics -Exampler Problems of II Puc
260 _aBangalore
_bDirectorate of Pre University
_c2013
300 _a197p
650 _aPhysics
_9232592
999 _c239859
_d239859